000 00383nam a2200145Ia 4500
008 230917s9999||||xx |||||||||||||| ||und||
040 _e105144
_aMAIN
041 _aEnglish
082 _a323.4 G591G
100 _aSharma, B M, ed.
245 0 _aGood governance, globalization and civil society
260 _aJaipur
_bRawat Publications
_c2004
300 _aX, 443 p.
942 _cBK
999 _c128549
_d128549